• 首页
  • 本馆介绍
  • 公告通知
  • 最新文献
  • 馆藏检索
  • 电子资源
  • 读者导购
  • 参考咨询
  • 我的图书馆
  • 登录
  • 详细信息显示
  • 放入我的书架
  • 预约/预借图书
  • 作者相关作品
  • 分类相关作品
  • 丛书相关作品
  • 出版社相关作品

书目信息

  • 表格格式
  • 工作单格式
  • 卡片格式
题名:
高清演播室实用技术指南
    
 
作者: 陈嘉超 , 祝建平 , 郑星 编著
分册:   视频技术
出版信息: 北京   中国广播影视出版社  2019重印
页数: 413页
开本: 29cm
丛书名:
单 册:
中图分类: TN948.4-62 , TN912.2-62
科图分类:
主题词: 视频制作--shi pin zhi zuo--指南 , 音频设备--yin pin she bei--电声技术--指南
电子资源:
ISBN: 978-7-5043-7673-2
000 01312nam0 2200337 45
001 012001002596
005 20140101171412.0
010    @a978-7-5043-7673-2@dCNY80.00
099    @aCAL 012016154498
100    @a20161205d2016 em y0chiy50 ea
101 0  @achi
102    @aCN@b110000
105    @aak z 000yy
106    @ar
200 1  @a高清演播室实用技术指南@Agao qing yan bo shi shi yong ji shu zhi nan@i视频技术@d= The studio practical technical guide@iVideo technology@f陈嘉超 ... [等] 编著@zeng
210    @a北京@c中国广播影视出版社@d2019重印
215    @a413页@c图@d29cm
304    @a题名页题其余责任者: 祝建平, 郑星, 张媛, 王浩。
330    @a本书主要内容包括:切换台;矩阵;摄像机系统;录像机;监看系统;通话系统;Tally;周边设备;大屏幕控制系统等。
333    @a适用于从事视频制作、音频制作的技术人员及相关读者。
510 1  @aStudio practical technical guide@iVideo technology@zeng
517 1  @a视频技术@Ashi pin ji shu
606 0  @a视频制作@Ashi pin zhi zuo@j指南
606 0  @a音频设备@Ayin pin she bei@x电声技术@j指南
690    @aTN948.4-62@v5
690    @aTN912.2-62@v5
701  0 @a陈嘉超@Achen jia chao@4编著
701  0 @a祝建平@Azhu jian ping@4编著
701  0 @a郑星@Azheng xing@4编著
801  0 @aCN@b北京卓展@c20191020
905    @b1204005-7@dTN948.4-62@e279@f3
    
    高清演播室实用技术指南.视频技术= The studio practical technical guide.Video technology/陈嘉超 ... [等] 编著.-北京:中国广播影视出版社,2019重印
    413页:图;29cm
    使用对象:适用于从事视频制作、音频制作的技术人员及相关读者。
    
    ISBN 978-7-5043-7673-2:CNY80.00
    本书主要内容包括:切换台;矩阵;摄像机系统;录像机;监看系统;通话系统;Tally;周边设备;大屏幕控制系统等。
●
相关链接 在E读中查询图书 在五车中查询图书 在当当中查询图书 在豆瓣中查询图书


正题名:高清演播室实用技术指南     索取号:TN948.4-62/279         预约/预借

序号 登录号 条形码 馆藏地/架位号 状态 备注
1 1204005   212040058   第二样本阅览室/ [索取号:TN948.4-62/279] 在馆    
2 1204006   212040067   第三借阅区/ [索取号:TN948.4-62/279] 在馆    
3 1204007   212040076   第三借阅区/ [索取号:TN948.4-62/279] 在馆    
唐山师范学院图书馆 欢迎您!
大连网信软件有限公司© 版权所有